000 01066nam a22003257a 4500
003 CHAP
005 20220329134455.0
008 971013s1976 r 00010 d
010 _a20880
011 _a21852
035 _a25943
040 _cCHAP
082 _a634.653
_bA7
100 0 0 _aArriola, M. C. de.
_97503
245 _aCaracterización, manejo y almacenamiento de aguacate
260 _aGuatemala :
_bInstituto Centroamericano de Investigación y Tecnología Industrial,
_c1976
300 _a42 p.
_b; apénd
590 _aBATCH-UPD
_b10
_c20130110
_lUCH01
_h0314
590 _aBATCH-UPD
_b10
_c20130110
_lUCH01
_h1832
590 _aBATCH-UPD
_b10
_c20130410
_lUCH01
_h1557
590 _aBATCH-UPD
_b10
_c20130913
_lUCH01
_h2259
590 _aCONVERSION
_b10
_c20130109
_lUCH01
_h1312
650 1 4 _aAguacate.
_92490
650 1 4 _aAguacate
_xAlmacenamiento.
_92491
700 0 _aMenchú, J.F.M.
_974554
700 0 _aRolz, Carlos.
_999463
901 _aBK
942 _cLIBRO
949 _a634.653 A7
_bBC
_cLIBRO
_d33724000939617
_eLIBRO
_h56807
_i25943
_so
_t216.00
999 _c20880
_d20880